000 00596nam a2200241Ia 4500
005 20260320201126.0
008 008 262003s9999 xx 000 0 eng d
037 _aEBOOK
040 _aCRL
040 _beng
040 _cCRL
041 _2eng
041 _aeng
084 _qCRL
100 _aPutt
_91130291
245 0 _aPutt's Law and the Successful Technocrat: How to Win in the Information Age
260 _bIEEE
260 _c2006
856 _uhttps://ieeexplore.ieee.org/servlet/opac?bknumber=5444130
942 _cEBOOK
999 _c1719052
_d1719052